000 00512nam a2200205Ia 4500
003 OSt
005 20230330151634.0
008 210423s2006 xx 000 0 und d
020 _a8126128305
040 _cAL
041 _aeng
082 _a658.4013 SHAB
100 _aSHARMA (B S).
_980324
245 _aTotal quality management.
260 _aNew Delhi
_bAffiliated East West Press Ltd
_c2006
300 _avii,356
365 _b300
_cINR
906 _amanagement ; quality ; Total
942 _2ddc
_cBK
999 _c157611
_d157611